00335nam a2200133Ia 4500008004100000020001500041041001200056082001600068100001300084245004500097260003600142300000800178650001500186221030s9999 xx 000 0 und d a8179290905 aEnglish a105.23bKap aS. Kapur 0aTraining & Developing The Human Resource bInfinity BooksaNew Delhic2004 a412 aManagement